<?xml version="1.0" encoding="UTF-8"?>
<record
    xmlns:xsi="http://www.w3.org/2001/XMLSchema-instance"
    xsi:schemaLocation="http://www.loc.gov/MARC21/slim http://www.loc.gov/standards/marcxml/schema/MARC21slim.xsd"
    xmlns="http://www.loc.gov/MARC21/slim">

  <leader>00791nam a22001817a 4500</leader>
  <controlfield tag="003">OSt</controlfield>
  <controlfield tag="005">20240527170651.0</controlfield>
  <controlfield tag="008">240527b           ||||| |||| 00| 0 eng d</controlfield>
  <datafield tag="040" ind1=" " ind2=" ">
    <subfield code="c">AIMIT LIBRARY</subfield>
  </datafield>
  <datafield tag="082" ind1=" " ind2=" ">
    <subfield code="a">004</subfield>
    <subfield code="b">COME</subfield>
  </datafield>
  <datafield tag="110" ind1=" " ind2=" ">
    <subfield code="a">Serial Publications</subfield>
    <subfield code="9">168110</subfield>
  </datafield>
  <datafield tag="245" ind1=" " ind2=" ">
    <subfield code="a">International journal of computer science and knowledge engineering /</subfield>
    <subfield code="c">By Serial Publications.</subfield>
  </datafield>
  <datafield tag="260" ind1=" " ind2=" ">
    <subfield code="b">Serial Publications ,</subfield>
    <subfield code="c">2010,2011,2012,2013,2014,2015,2016,2017.</subfield>
  </datafield>
  <datafield tag="300" ind1=" " ind2=" ">
    <subfield code="b">HP</subfield>
    <subfield code="c">27 cm.</subfield>
  </datafield>
  <datafield tag="440" ind1=" " ind2=" ">
    <subfield code="a">computer science and knowledge engineering </subfield>
    <subfield code="v">Vol. 4 No. 2-2010,Vol. 5 No. 2-2011,Vol. 6 No. 1&amp;2-2012,Vol. 7 No. 1&amp;2-2013. Vol. 9 No. 1&amp;2-2015,Vol. 10 No.1&amp;2-2016,Vol.11 No. 1&amp;2-2017.Vol. 8 No. 1&amp;2-2014.</subfield>
    <subfield code="9">168111</subfield>
  </datafield>
  <datafield tag="610" ind1=" " ind2=" ">
    <subfield code="a">computer science and knowledge engineering</subfield>
    <subfield code="9">168112</subfield>
  </datafield>
  <datafield tag="942" ind1=" " ind2=" ">
    <subfield code="2">ddc</subfield>
    <subfield code="c">BV</subfield>
  </datafield>
  <datafield tag="999" ind1=" " ind2=" ">
    <subfield code="c">230941</subfield>
    <subfield code="d">230941</subfield>
  </datafield>
  <datafield tag="952" ind1=" " ind2=" ">
    <subfield code="0">0</subfield>
    <subfield code="1">0</subfield>
    <subfield code="2">ddc</subfield>
    <subfield code="4">0</subfield>
    <subfield code="7">1</subfield>
    <subfield code="8">MCA</subfield>
    <subfield code="a">AIMIT</subfield>
    <subfield code="b">AIMIT</subfield>
    <subfield code="c">BV</subfield>
    <subfield code="d">2024-05-27</subfield>
    <subfield code="h">Vol. 4 No. 2-2010,Vol. 5 No. 2-2011,Vol. 6 No. 1&amp;2-2012,Vol. 7 No. 1&amp;2-2013.</subfield>
    <subfield code="l">0</subfield>
    <subfield code="o">004 COME</subfield>
    <subfield code="p">BVI114</subfield>
    <subfield code="r">2024-05-27 00:00:00</subfield>
    <subfield code="u">www.serialspublications.com</subfield>
    <subfield code="w">2024-05-27</subfield>
    <subfield code="y">BV</subfield>
  </datafield>
  <datafield tag="952" ind1=" " ind2=" ">
    <subfield code="0">0</subfield>
    <subfield code="1">0</subfield>
    <subfield code="2">ddc</subfield>
    <subfield code="4">0</subfield>
    <subfield code="7">1</subfield>
    <subfield code="8">MCA</subfield>
    <subfield code="a">AIMIT</subfield>
    <subfield code="b">AIMIT</subfield>
    <subfield code="c">BV</subfield>
    <subfield code="d">2024-05-27</subfield>
    <subfield code="h">Vol. 9 No. 1&amp;2-2015,Vol. 10 No.1&amp;2-2016,Vol.11 No. 1&amp;2-2017.</subfield>
    <subfield code="l">0</subfield>
    <subfield code="o">004 COME</subfield>
    <subfield code="p">BVI116</subfield>
    <subfield code="r">2024-05-27 00:00:00</subfield>
    <subfield code="u">www.serialspublications.com</subfield>
    <subfield code="w">2024-05-27</subfield>
    <subfield code="y">BV</subfield>
  </datafield>
  <datafield tag="952" ind1=" " ind2=" ">
    <subfield code="0">0</subfield>
    <subfield code="1">0</subfield>
    <subfield code="2">ddc</subfield>
    <subfield code="4">0</subfield>
    <subfield code="7">1</subfield>
    <subfield code="8">MCA</subfield>
    <subfield code="a">AIMIT</subfield>
    <subfield code="b">AIMIT</subfield>
    <subfield code="c">BV</subfield>
    <subfield code="d">2024-05-27</subfield>
    <subfield code="h">Vol. 8 No. 1&amp;2-2014.</subfield>
    <subfield code="l">0</subfield>
    <subfield code="o">004 COME</subfield>
    <subfield code="p">BVI115</subfield>
    <subfield code="r">2024-05-27 00:00:00</subfield>
    <subfield code="u">www.serialspublications.com</subfield>
    <subfield code="w">2024-05-27</subfield>
    <subfield code="y">BV</subfield>
  </datafield>
</record>
